A cent'anni dalla notte profetica-carismatica di Don Giacomo Alberione. (Record n. 98772)

Dettagli MARC
000 -LEADER
fixed length control field 00662nam a22001577a 4500
003 - CONTROL NUMBER IDENTIFIER
control field IT-RoPau
005 - DATE AND TIME OF LATEST TRANSACTION
control field 20220918181108.0
008 - FIXED-LENGTH DATA ELEMENTS--GENERAL INFORMATION
fixed length control field 130617b xxu||||| |||| 00| 0 eng d
040 ## - CATALOGING SOURCE
Transcribing agency IT-RoPau
100 ## - MAIN ENTRY--PERSONAL NAME
Personal name Commissione intercongregazionale della Famiglia Paolina
9 (RLIN) 699
245 ## - TITLE STATEMENT
Title A cent'anni dalla notte profetica-carismatica di Don Giacomo Alberione.
Remainder of title "Fare qualcosa per il Signore e gli uomini del nuovo secolo"
260 ## - PUBLICATION, DISTRIBUTION, ETC. (IMPRINT)
Place of publication, distribution, etc. Roma
Name of publisher, distributor, etc. Commissione intercongregazionale della Famiglia Paolina
Date of publication, distribution, etc. 2000
300 ## - PHYSICAL DESCRIPTION
Extent 40 pp.
Dimensions 21 cm
520 ## - SUMMARY, ETC.
Summary, etc. Indice<br/><br/>Presentazione<br/>Celebrazione eucaristica<br/>L'adorazione eucaristica<br/>Canti<br/>La Famiglia paolina
942 ## - ADDED ENTRY ELEMENTS (KOHA)
Source of classification or shelving scheme Dewey Decimal Classification
Koha item type LIBRO
Dati di copia
Withdrawn status Lost status Source of classification or shelving scheme Damaged status Not for loan Home library Current library Date acquired Total Checkouts Full call number Date last seen Price effective from Koha item type
    Dewey Decimal Classification Buone Condizioni Not For Loan PAULUS-BIBLIOTECA PAULUS-BIBLIOTECA 17/06/2013   P D2 17/06/2013 17/06/2013 LIBRO
    Dewey Decimal Classification Buone Condizioni Not For Loan PAULUS-BIBLIOTECA PAULUS-BIBLIOTECA 17/06/2013   P D2 17/06/2013 17/06/2013 LIBRO
    Dewey Decimal Classification Buone Condizioni Not For Loan PAULUS-BIBLIOTECA PAULUS-BIBLIOTECA 17/06/2013   P D2 17/06/2013 17/06/2013 LIBRO
    Dewey Decimal Classification Buone Condizioni Not For Loan PAULUS-BIBLIOTECA PAULUS-BIBLIOTECA 17/06/2013   P D2 17/06/2013 17/06/2013 LIBRO
    Dewey Decimal Classification Buone Condizioni Not For Loan PAULUS-BIBLIOTECA PAULUS-BIBLIOTECA 17/06/2013   P D2 17/06/2013 17/06/2013 LIBRO
CREDITS: SOCIETA' SAN PAOLO Via A.Severo, 58 - ROMA (RM) & PERIODICI SAN PAOLO SRL Via Giotto, 36 MILANO & CISF Via Giotto, 36 MILANO & EDIZIONI SAN PAOLO SRL,  Piazza Soncino, 5 CINISELLO BALSAMO (MI) -- ITALY